00693nam a2200241 a 4500001001300000003000900013005001700022008004100039020001000080082001600090100002700106245002100133260004100154300000900195500003500204505002500239650001600264700002700280902000800307942000700315952011600322999001300438nice12345678IN_TiNIC20260116011352.0050524s1967 azaa grp 000 0 urd  ac10000a297.4bHUS5 aHussain, Talammuz Qazi aSahib Al-Masnavi aAzam Garh (U.P) bMaarif Pressc1967 a520p aincludes index and biblioraphy2 aIndexes to the notes aSufism-Rumi1 aHussain, Talammuz Qazi bSRS cBK 001040708StackRoom-aHMIbHMId2007-09-10g100.00l0o297.4 HUS5p03279r2018-10-01v100.00w2005-05-24yBK c918d918